000 00409nam a22001697a 4500
003 MPLRDC
005 20220104114541.0
008 210129b ||||| |||| 00| 0 eng d
082 _a857.63 MGZ
100 _a母国政
245 _a母国政短篇小说选
_c
250 _a一版一刷
260 _a
_b北京出版社
_c1981
300 _b
650 _a短篇小说--别集
942 _cBK
_o857.63 MGZ
999 _c8353
_d8343